[Event "Titled Tuesday intern op 28th Mar Early"]
[Site "Chess.com INT"]
[Date "2023.03.28"]
[Round "9"]
[White "Karamsetty, Jeevan"]
[Black "Vega Chirino, Lemay"]
[Result "1-0"]
[WhiteElo "2206"]
[BlackElo "2260"]
[PlyCount "61"]
[EventDate "2023.03.28"]
[EventType "swiss (blitz)"]
[EventRounds "11"]
[EventCountry "USA"]
[SourceTitle "EXT 2024"]
[Source "ChessBase"]
[SourceDate "2023.10.10"]
[SourceVersion "1"]
[SourceVersionDate "2023.10.10"]
[SourceQuality "1"]

1. e4 c5 2. Nc3 Nc6 3. g3 g6 4. Bg2 Bg7 5. d3 e6 6. Be3 b6 7. Qd2 h5 8. f4 Nge7 9. Nf3 d5 10. exd5 Nxd5 11. Nxd5 exd5 12. 0-0-0 0-0 13. Nh4 Qf6 14. c4 dxc4 15. dxc4 Rd8 16. Qf2 Bg4 17. Rxd8+ Rxd8 18. h3 Bc8 19. a3 Na5 20. Bd5 Bb7 21. Rd1 Bxd5 22. cxd5 Nc4 23. Ng2 Qf5 24. Rd2 Rxd5 25. Rxd5 Qxd5 26. Ne1 Bxb2+ 27. Kb1 Qd1+ 28. Ka2 b5 29. Bxc5 Bc3 30. Qc2 Qxe1 31. Kb3 1-0

[Event "Titled Tuesday intern op 28th Mar Early"]
[Site "Chess.com INT"]
[Date "2023.03.28"]
[Round "5"]
[White "Levitan, Caleb Levi"]
[Black "Vega Chirino, Lemay"]
[Result "0-1"]
[WhiteElo "2007"]
[BlackElo "2260"]
[PlyCount "118"]
[EventDate "2023.03.28"]
[EventType "swiss (blitz)"]
[EventRounds "11"]
[EventCountry "USA"]
[SourceTitle "EXT 2024"]
[Source "ChessBase"]
[SourceDate "2023.10.10"]
[SourceVersion "1"]
[SourceVersionDate "2023.10.10"]
[SourceQuality "1"]

1. e4 c5 2. Nf3 Nc6 3. Nc3 e5 4. Bc4 Be7 5. d3 d6 6. 0-0 Nf6 7. Ng5 0-0 8. f4 h6 9. Nf3 exf4 10. Bxf4 Be6 11. Qd2 Nh7 12. Rae1 Ng5 13. Nxg5 Bxg5 14. Nd5 Bxf4 15. Nxf4 Qg5 16. Qf2 Bxc4 17. dxc4 Ne5 18. b3 Rae8 19. Rd1 Ng4 20. Qf3 Nf6 21. Rfe1 Qe5 22. Rd3 Nxe4 23. Rde3 f5 24. Ng6 Qd4 25. Nxf8 Rxf8 26. c3 Nxc3 27. Kh1 Ne4 28. Rd1 Qb2 29. Kg1 Qxa2 30. Qe2 Qxe2 31. Rxe2 Nc3 32. Red2 Nxd1 33. Rxd1 Rf6 34. Kf2 Kf7 35. Ke3 Ke6 36. Kf3 g5 37. Ra1 a6 38. Re1+ Kd7 39. Rd1 Re6 40. Rd5 Re5 41. Rd1 Kc6 42. g4 fxg4+ 43. Kxg4 d5 44. Kh5 dxc4 45. bxc4 Re6 46. Rd8 b5 47. Rc8+ Kb6 48. cxb5 axb5 49. Rb8+ Ka5 50. Rc8 Kb4 51. Rf8 c4 52. Rf1 c3 53. Rb1+ Kc4 54. Kg4 b4 55. Kf5 Rb6 56. Kg4 c2 57. Rc1 b3 58. Kh5 Kc3 59. h4 b2 0-1

[Event "Titled Tuesday intern op 20th Dec Early"]
[Site "Chess.com INT"]
[Date "2022.12.20"]
[Round "6"]
[White "Prydun, Andriy"]
[Black "Vega Chirino, Lemay"]
[Result "1-0"]
[WhiteElo "2134"]
[BlackElo "2260"]
[PlyCount "189"]
[EventDate "2022.12.20"]
[EventType "swiss (blitz)"]
[EventRounds "11"]
[EventCountry "USA"]
[SourceTitle "EXT 2024"]
[Source "ChessBase"]
[SourceDate "2023.10.10"]
[SourceVersion "1"]
[SourceVersionDate "2023.10.10"]
[SourceQuality "1"]

1. e4 c5 2. Nf3 Nc6 3. g3 g6 4. Bg2 Bg7 5. 0-0 d6 6. c4 Nf6 7. Nc3 Bg4 8. d3 Qd7 9. Be3 0-0 10. Qd2 Rfb8 11. a4 b6 12. Ng5 Qc8 13. h3 Bd7 14. Kh2 a6 15. f4 Nd4 16. Bxd4 cxd4 17. Ne2 b5 18. axb5 axb5 19. b3 Rxa1 20. Rxa1 bxc4 21. bxc4 Ne8 22. Nf3 e5 23. Qc2 Nc7 24. Rb1 Ne6 25. f5 Nc5 26. g4 Rxb1 27. Qxb1 Qa8 28. Ng3 Qa3 29. Bf1 Qb3 30. Qxb3 Nxb3 31. g5 h6 32. f6 Bf8 33. h4 Nc5 34. Kg2 Ba4 35. Kf2 Bc2 36. Ne1 Bb1 37. Ke2 hxg5 38. hxg5 Ne6 39. Nf3 Nf4+ 40. Kd2 Kh7 41. Nh1 Kg8 42. Nf2 Kh7 43. Kc1 Bxd3 44. Bxd3 Kg8 45. Kd2 Kh7 46. Bc2 Kg8 47. Nd3 Ng2 48. Nb4 Ne3 49. Nd5 Nxc4+ 50. Ke2 Ne3 51. Bb3 Nxd5 52. Bxd5 Kh7 53. Bxf7 d5 54. Bxd5 Bd6 55. Kd3 Kh8 56. Bb3 Kh7 57. Bc4 Kh8 58. Kc2 Kh7 59. Ne1 Bb4 60. Nd3 Bd6 61. Kb3 Kh8 62. Ka4 Kh7 63. Kb5 Kh8 64. Kc6 Bb8 65. Kd7 Kh7 66. Ke8 Bd6 67. f7 Kg7 68. f8Q+ Bxf8 69. Nxe5 Bb4 70. Nd3 Bd2 71. Nc5 Bxg5 72. Ne6+ Kf6 73. Nxg5 Kxg5 74. e5 Kf5 75. e6 d3 76. e7 d2 77. Bb3 g5 78. Kf8 g4 79. e8Q Kf4 80. Qe2 g3 81. Bd5 g2 82. Qxd2+ Kg3 83. Qxg2+ Kf4 84. Ke7 Ke5 85. Qg4 Kxd5 86. Qf4 Kc5 87. Qe4 Kb6 88. Qd5 Kc7 89. Qd6+ Kb7 90. Qc5 Ka6 91. Qb4 Ka7 92. Qb5 Ka8 93. Kd7 Ka7 94. Kc7 Ka8 95. Qa5# 1-0

[Event "Titled Tuesday intern op 20th Dec Early"]
[Site "Chess.com INT"]
[Date "2022.12.20"]
[Round "2"]
[White "Vega Chirino, Lemay"]
[Black "Vakhlamov, Igor L"]
[Result "0-1"]
[WhiteElo "2260"]
[BlackElo "2413"]
[PlyCount "132"]
[EventDate "2022.12.20"]
[EventType "swiss (blitz)"]
[EventRounds "11"]
[EventCountry "USA"]
[SourceTitle "EXT 2024"]
[Source "ChessBase"]
[SourceDate "2023.10.10"]
[SourceVersion "1"]
[SourceVersionDate "2023.10.10"]
[SourceQuality "1"]

1. e4 c5 2. Nf3 g6 3. c3 Bg7 4. d4 cxd4 5. cxd4 Nf6 6. e5 Nd5 7. Nc3 Nxc3 8. bxc3 0-0 9. h3 d6 10. exd6 Qxd6 11. a4 Nc6 12. Bc4 Be6 13. Bxe6 Qxe6+ 14. Qe2 Qb3 15. Qb2 Qc4 16. Bd2 e5 17. Qb5 Qe6 18. d5 a6 19. Qc5 Qe7 20. Be3 e4 21. dxc6 Qxc5 22. Bxc5 Bxc3+ 23. Ke2 exf3+ 24. Kxf3 Bxa1 25. cxb7 Rab8 26. Bxf8 Kxf8 27. Rxa1 Rxb7 28. Ra3 Rb4 29. g3 a5 30. h4 h5 31. Ke3 Ke7 32. Kf3 Kf6 33. Ke3 Kf5 34. Kf3 f6 35. Ra2 g5 36. hxg5 fxg5 37. Kg2 Kg4 38. Ra3 h4 39. gxh4 gxh4 40. Kh2 Rf4 41. Kg2 Kg5 42. Ra2 Rb4 43. Ra3 Kg4 44. Kh2 Rc4 45. Kg2 Rd4 46. Kh2 Rb4 47. Kg2 Rf4 48. Ra2 Kf5 49. Ra3 Ke5 50. Re3+ Kd5 51. Ra3 Kc5 52. Kh3 Kb4 53. Ra2 Kb3 54. Ra1 Rxf2 55. Kxh4 Rf4+ 56. Kg3 Rxa4 57. Rb1+ Kc2 58. Rb5 Ra3+ 59. Kf2 a4 60. Ke2 Rc3 61. Ra5 a3 62. Ke1 Re3+ 63. Kf2 Rb3 64. Ke2 Kb2 65. Kd2 a2 66. Ra8 a1Q 0-1

[Event "Vazquez Memorial GM 17th"]
[Site "Mayabeque"]
[Date "2019.10.01"]
[Round "9"]
[White "Vega Chirino, Lemay"]
[Black "Fernandez de La Vara, Arnaldo"]
[Result "0-1"]
[WhiteElo "2278"]
[BlackElo "2476"]
[PlyCount "104"]
[EventDate "2019.09.25"]
[EventType "tourn"]
[EventRounds "9"]
[EventCountry "CUB"]
[EventCategory "7"]
[SourceTitle "EXT 2020"]
[Source "ChessBase"]
[SourceDate "2019.10.17"]
[SourceVersion "1"]
[SourceVersionDate "2019.10.17"]
[SourceQuality "1"]

1. e4 c5 2. Nf3 d6 3. d4 cxd4 4. Nxd4 Nf6 5. Nc3 a6 6. Bg5 Nbd7 7. Qe2 Qa5 8. Bd2 e5 9. Nb3 Qc7 10. g4 b5 11. 0-0-0 h6 12. Rg1 Nb6 13. f4 Bb7 14. g5 hxg5 15. fxg5 Nh5 16. Kb1 Rc8 17. Bc1 g6 18. h4 Bg7 19. Bh3 Ra8 20. Bg4 Nc4 21. Nd5 Bxd5 22. exd5 Kf8 23. Qe4 Nf4 24. Rh1 Re8 25. Rde1 Re7 26. Rd1 Qa7 27. Rdf1 Qb7 28. Rh2 Ke8 29. Bf3 Kd8 30. Nd2 Nb6 31. c4 Rc7 32. cxb5 Nbxd5 33. Nb3 Qxb5 34. Rd1 f5 35. gxf6 Nxf6 36. Rxd6+ Ke7 37. Rxf6 Bxf6 38. Bxf4 Rc4 39. Qxg6 Rxf4 40. Bh5 Qc4 41. Rc2 Qe6 42. Rc7+ Kd8 43. Rc2 Rf1+ 44. Nc1 Qf5 45. Qxf5 Rxf5 46. Be2 Rxh4 47. a3 a5 48. Ka2 e4 49. Bc4 e3 50. Ne2 a4 51. Bd3 Rd5 52. Bg6 Rh2 0-1

[Event "Vazquez Memorial GM 17th"]
[Site "Mayabeque"]
[Date "2019.09.26"]
[Round "3"]
[White "Valdes Romero, Leonardo"]
[Black "Vega Chirino, Lemay"]
[Result "1/2-1/2"]
[WhiteElo "2399"]
[BlackElo "2278"]
[PlyCount "100"]
[EventDate "2019.09.25"]
[EventType "tourn"]
[EventRounds "9"]
[EventCountry "CUB"]
[EventCategory "7"]
[SourceTitle "EXT 2020"]
[Source "ChessBase"]
[SourceDate "2019.10.17"]
[SourceVersion "1"]
[SourceVersionDate "2019.10.17"]
[SourceQuality "1"]

1. Nf3 Nf6 2. c4 g6 3. g3 Bg7 4. Bg2 0-0 5. 0-0 d5 6. cxd5 Nxd5 7. Nc3 Nc6 8. Nxd5 Qxd5 9. d3 a5 10. a4 Qh5 11. Be3 Bh3 12. Qb3 Bxg2 13. Kxg2 Nb4 14. Rfc1 Qd5 15. Qa3 Rfc8 16. Bc5 Nc6 17. Rab1 e6 18. e4 Qd7 19. Qb3 Ne5 20. Nxe5 Bxe5 21. Be3 b6 22. Rc4 c5 23. Qc2 Bg7 24. Ra1 e5 25. Ra3 Rc6 26. Rb3 Re8 27. Rbc3 Ree6 28. Qe2 Rcd6 29. Rb3 h5 30. h4 Bf6 31. Ra3 Re8 32. Rcc3 Rd8 33. Qc2 Be7 34. Qb3 Kg7 35. Qd1 Qc6 36. Qf3 Rf6 37. Qe2 Rfd6 38. Qf3 f5 39. exf5 Qxf3+ 40. Kxf3 gxf5 41. Ke2 Re6 42. Rc4 Bf6 43. Rb3 Rd5 44. Rb5 Red6 45. Rb3 Kg6 46. Ra3 Bd8 47. Rb3 Bc7 48. Rbc3 Bd8 49. Rb3 Bc7 50. Rbc3 Bd8 1/2-1/2

[Event "Clemente Vazquez Memorial-B 16th"]
[Site "Havana"]
[Date "2018.10.20"]
[Round "10"]
[White "Campos Jimenez, Augusto Cesar"]
[Black "Vega Chirino, Lemay"]
[Result "1/2-1/2"]
[WhiteElo "2383"]
[BlackElo "2300"]
[PlyCount "78"]
[EventDate "2018.10.13"]
[EventType "tourn"]
[EventRounds "10"]
[EventCountry "CUB"]
[EventCategory "1"]
[SourceTitle "EXT 2021"]
[Source "ChessBase"]
[SourceDate "2020.10.23"]
[SourceVersion "1"]
[SourceVersionDate "2020.10.23"]
[SourceQuality "1"]

1. Nf3 Nf6 2. g3 g6 3. b3 Bg7 4. Bb2 0-0 5. Bg2 d6 6. d4 e5 7. dxe5 Ng4 8. 0-0 Nc6 9. Qd2 Ngxe5 10. c4 Nxf3+ 11. exf3 Bxb2 12. Qxb2 f5 13. f4 Qf6 14. Qxf6 Rxf6 15. Nc3 Kf8 16. Rad1 Be6 17. Rfe1 a6 18. c5 Rd8 19. cxd6 Rxd6 20. Rxd6 cxd6 21. Nd5 Bxd5 22. Bxd5 Ne7 23. Bxb7 d5 24. Re5 Rd6 25. Kf1 Kf7 26. Ke2 Rd7 27. Bxa6 Ra7 28. Bb5 Rxa2+ 29. Kf3 Rb2 30. Ba4 Ng8 31. Re2 Rb1 32. Ke3 Nf6 33. f3 Ke6 34. Kd3+ Kd6 35. Rd2 Rf1 36. Ke2 Rh1 37. Kd3 Rf1 38. Ke2 Rh1 39. Kd3 Rf1 1/2-1/2

[Event "Clemente Vazquez Memorial-B 16th"]
[Site "Havana"]
[Date "2018.10.16"]
[Round "5"]
[White "Vega Chirino, Lemay"]
[Black "Campos Jimenez, Augusto Cesar"]
[Result "1/2-1/2"]
[WhiteElo "2300"]
[BlackElo "2383"]
[PlyCount "43"]
[EventDate "2018.10.13"]
[EventType "tourn"]
[EventRounds "10"]
[EventCountry "CUB"]
[EventCategory "1"]
[SourceTitle "EXT 2021"]
[Source "ChessBase"]
[SourceDate "2020.10.23"]
[SourceVersion "1"]
[SourceVersionDate "2020.10.23"]
[SourceQuality "1"]

1. c4 c5 2. Nc3 Nc6 3. g3 g6 4. Bg2 Bg7 5. Nf3 d6 6. 0-0 e5 7. Rb1 Nge7 8. a3 a5 9. d3 0-0 10. Bd2 h6 11. Ne1 Be6 12. Nd5 Rb8 13. Nxe7+ Qxe7 14. Nc2 Qd7 15. b4 axb4 16. axb4 Nxb4 17. Nxb4 cxb4 18. Rxb4 d5 19. cxd5 Bxd5 20. Bxd5 Qxd5 21. Qb3 Qxb3 22. Rxb3 1/2-1/2

[Event "Clemente Vazquez Memorial-B 16th"]
[Site "Havana"]
[Date "2018.10.14"]
[Round "2"]
[White "Vega Chirino, Lemay"]
[Black "Benitez Lozano, Javier"]
[Result "1-0"]
[WhiteElo "2300"]
[BlackElo "2291"]
[PlyCount "51"]
[EventDate "2018.10.13"]
[EventType "tourn"]
[EventRounds "10"]
[EventCountry "CUB"]
[EventCategory "1"]
[SourceTitle "EXT 2021"]
[Source "ChessBase"]
[SourceDate "2020.10.23"]
[SourceVersion "1"]
[SourceVersionDate "2020.10.23"]
[SourceQuality "1"]

1. c4 Nf6 2. g3 e6 3. Bg2 d5 4. Nf3 Be7 5. 0-0 0-0 6. b3 b6 7. Bb2 c5 8. d3 Bb7 9. Nbd2 Nc6 10. Rc1 d4 11. a3 a5 12. Qc2 Qc7 13. Rce1 e5 14. e4 dxe3 15. Rxe3 Nd7 16. Rfe1 f6 17. Ne4 Nd4 18. Qd1 f5 19. Nc3 f4 20. gxf4 Rxf4 21. Nxd4 cxd4 22. Nd5 Bxd5 23. Bxd5+ Kf8 24. Rf3 Ra6 25. Rxf4+ exf4 26. Qh5 1-0

[Event "Agosto de Victorias tt"]
[Site "Mayabeque"]
[Date "2018.08.08"]
[Round "10.2"]
[White "Elias Reyes, Jorge Roberto"]
[Black "Vega Chirino, Lemay"]
[Result "1/2-1/2"]
[WhiteElo "2306"]
[BlackElo "2311"]
[PlyCount "34"]
[EventDate "2018.08.04"]
[EventType "team-tourn"]
[EventRounds "10"]
[EventCountry "CUB"]
[SourceTitle "EXT 2021"]
[Source "ChessBase"]
[SourceDate "2020.10.23"]
[SourceVersion "1"]
[SourceVersionDate "2020.10.23"]
[SourceQuality "1"]
[WhiteTeam "Havana"]
[BlackTeam "Matanzas"]
[WhiteTeamCountry "CUB"]
[BlackTeamCountry "CUB"]

1. e4 c5 2. Nf3 d6 3. d4 cxd4 4. Nxd4 Nf6 5. Nc3 g6 6. Be3 Bg7 7. f3 0-0 8. Qd2 Nc6 9. 0-0-0 d5 10. Nxc6 bxc6 11. exd5 cxd5 12. Nxd5 Nxd5 13. Qxd5 Qc7 14. Qc5 Qb7 15. Qb5 Qc7 16. Qc5 Qb7 17. Qb5 Qc7 1/2-1/2

[Event "Capablanca Memorial op 53rd"]
[Site "Havana"]
[Date "2018.05.11"]
[Round "3"]
[White "Martinez Piqueras, Carlos Gustavo"]
[Black "Vega Chirino, Lemay"]
[Result "0-1"]
[WhiteElo "2156"]
[BlackElo "2298"]
[PlyCount "71"]
[EventDate "2018.05.09"]
[EventType "swiss"]
[EventRounds "10"]
[EventCountry "CUB"]
[SourceTitle "EXT 2019"]
[Source "ChessBase"]
[SourceDate "2018.10.10"]
[SourceVersion "1"]
[SourceVersionDate "2018.10.10"]
[SourceQuality "1"]

1. e4 c5 2. c3 Nf6 3. e5 Nd5 4. d4 cxd4 5. Nf3 Nc6 6. cxd4 d6 7. Bc4 e6 8. 0-0 Be7 9. Qe2 a6 10. Nc3 dxe5 11. dxe5 Nxc3 12. bxc3 Qc7 13. Bd3 b5 14. Re1 Bb7 15. Ng5 Bxg5 16. Bxg5 h6 17. Bh4 Ne7 18. c4 bxc4 19. Bxc4 Nf5 20. Qg4 Nxh4 21. Qxh4 Rc8 22. Bf1 0-0 23. Re3 Qd8 24. Qb4 Qc7 25. Rae1 a5 26. Qg4 Kh8 27. Rg3 Rg8 28. Qh5 Qc2 29. Qh4 Qd2 30. Rge3 Rge8 31. Qf4 Re7 32. Qa4 Rec7 33. Qb3 Bd5 34. Qd1 Qxd1 35. Rxd1 Rc1 36. Rde1 0-1

[Event "Capablanca Memorial op 53rd"]
[Site "Havana"]
[Date "2018.05.09"]
[Round "1"]
[White "Borges Feria, Yasel"]
[Black "Vega Chirino, Lemay"]
[Result "1/2-1/2"]
[WhiteElo "2432"]
[BlackElo "2298"]
[PlyCount "38"]
[EventDate "2018.05.09"]
[EventType "swiss"]
[EventRounds "10"]
[EventCountry "CUB"]
[SourceTitle "EXT 2019"]
[Source "ChessBase"]
[SourceDate "2018.10.10"]
[SourceVersion "1"]
[SourceVersionDate "2018.10.10"]
[SourceQuality "1"]

1. d4 Nf6 2. c4 g6 3. g3 Bg7 4. Bg2 d5 5. cxd5 Nxd5 6. e4 Nb6 7. Ne2 0-0 8. 0-0 a5 9. Nbc3 a4 10. Bf4 Bg4 11. f3 Be6 12. Qc1 Bc4 13. Rd1 Nc6 14. Be3 e6 15. Kh1 Qe7 16. Bg5 Qb4 17. Bd2 Qe7 18. Bg5 Qb4 19. Bd2 Qe7 1/2-1/2

[Event "Capablanca Memorial op 49th"]
[Site "Havana"]
[Date "2014.05.14"]
[Round "6"]
[White "Vega Chirino, Lemay"]
[Black "Georgiadis, Nico"]
[Result "0-1"]
[WhiteElo "2282"]
[BlackElo "2446"]
[PlyCount "114"]
[EventDate "2014.04.08"]
[EventType "swiss"]
[EventRounds "10"]
[EventCountry "CUB"]
[SourceTitle "CBM 160 Extra"]
[Source "ChessBase"]
[SourceDate "2014.07.01"]
[SourceVersion "1"]
[SourceVersionDate "2014.07.01"]
[SourceQuality "1"]

1. e4 c5 2. Nf3 d6 3. d4 cxd4 4. Nxd4 Nf6 5. Nc3 Nc6 6. Bg5 a6 7. Qd2 Nxd4 8. Qxd4 Qa5 9. Bd2 Qc7 10. 0-0-0 e6 11. f3 b5 12. Bg5 Be7 13. Kb1 Bb7 14. Qd2 Rc8 15. h4 b4 16. Ne2 h6 17. Bxf6 Bxf6 18. Nf4 g6 19. g4 Ke7 20. Be2 a5 21. g5 Bg7 22. Bd3 Qc5 23. Ne2 d5 24. e5 d4 25. Be4 Bxe4 26. fxe4 Qxe5 27. Nc1 hxg5 28. Nd3 Qg3 29. hxg5 Rxh1 30. Rxh1 Rb8 31. a4 b3 32. Qxa5 bxc2+ 33. Ka2 Rc8 34. Qb4+ Qd6 35. Qxd6+ Kxd6 36. Rf1 Bf8 37. Rxf7 Be7 38. e5+ Kd7 39. Rf4 c1Q 40. Rxd4+ Ke8 41. Nxc1 Rxc1 42. b4 Bxg5 43. Rg4 Be7 44. Rxg6 Kd7 45. Rg4 Re1 46. Rd4+ Kc6 47. Kb3 Rxe5 48. Rc4+ Kd5 49. Rg4 Re3+ 50. Kc2 Re4 51. Rxe4 Kxe4 52. Kc3 Kd5 53. a5 Bd8 54. Kd3 e5 55. Ke3 e4 56. Ke2 Kd4 57. Kd2 Be7 0-1

[Event "Capablanca Memorial op-A 48th"]
[Site "Havana"]
[Date "2013.04.27"]
[Round "6"]
[White "Vega Chirino, Lemay"]
[Black "Ochoa de la Rosa, Manuel Dario"]
[Result "0-1"]
[WhiteElo "2362"]
[BlackElo "2231"]
[PlyCount "110"]
[EventDate "2013.04.21"]
[EventType "swiss"]
[EventRounds "10"]
[EventCountry "CUB"]
[SourceTitle "CBM 154 Extra"]
[Source "ChessBase"]
[SourceDate "2013.06.25"]
[SourceVersion "2"]
[SourceVersionDate "2013.06.25"]
[SourceQuality "1"]

1. c4 Nf6 2. Nc3 e6 3. d4 Bb4 4. Qc2 0-0 5. a3 Bxc3+ 6. Qxc3 b6 7. e3 Bb7 8. Nf3 d5 9. Be2 Nbd7 10. 0-0 c5 11. b4 Ne4 12. Qb3 cxd4 13. exd4 dxc4 14. Bxc4 Ndf6 15. Bf4 Bd5 16. Rac1 Rc8 17. Bxd5 Qxd5 18. Qd3 Nd6 19. Qa6 Qb7 20. Qxb7 Nxb7 21. Ne5 Nd5 22. Be3 f6 23. Nd3 Nd6 24. Rxc8 Rxc8 25. Rc1 Rc4 26. Kf1 Nxe3+ 27. fxe3 Rxc1+ 28. Nxc1 Nc4 29. Ke2 Nxa3 30. Kd3 Kf7 31. e4 Ke7 32. Ne2 Nb5 33. g4 Nd6 34. Nc3 Kd7 35. b5 Nf7 36. Ke3 Kd6 37. Kd3 e5 38. Ne2 exd4 39. Kxd4 Nd8 40. Kc4 Ke5 41. Kd3 Ne6 42. Ke3 Nc5 43. Nd4 Nxe4 44. Nc6+ Kd5 45. Nxa7 Nd6 46. h4 Kc5 47. Nc6 Nxb5 48. Nd8 Kd5 49. h5 Nd6 50. Kd3 b5 51. Kc2 Ke5 52. Kd3 Kf4 53. Ne6+ Kxg4 54. Nxg7 f5 55. Ne6 Kxh5 0-1

[Event "Capablanca Memorial op-A 46th"]
[Site "Havana"]
[Date "2011.05.20"]
[Round "9"]
[White "Perez Rodriguez, Luis Manuel"]
[Black "Vega Chirino, Lemay"]
[Result "0-1"]
[WhiteElo "2466"]
[BlackElo "2356"]
[PlyCount "86"]
[EventDate "2011.05.11"]
[EventType "swiss"]
[EventRounds "10"]
[EventCountry "CUB"]
[SourceTitle "CBM 142 Extra"]
[Source "ChessBase"]
[SourceDate "2011.06.27"]
[SourceVersion "1"]
[SourceVersionDate "2011.06.27"]
[SourceQuality "1"]

1. e4 c5 2. Nf3 Nc6 3. Nc3 e5 4. Bc4 Be7 5. d3 d6 6. 0-0 Nf6 7. Ng5 0-0 8. f4 h6 9. Nf3 exf4 10. Bxf4 Be6 11. Nd5 Bxd5 12. exd5 Nb4 13. Bd2 Nbxd5 14. Nh4 Nc7 15. Nf5 d5 16. Bb3 Kh8 17. Qf3 Ne6 18. Bc3 c4 19. dxc4 Bc5+ 20. Kh1 Ng5 21. Qf4 d4 22. Nxd4 Nfe4 23. Ne2 f5 24. Be5 Qb6 25. Bc7 Qg6 26. Qh4 Nd2 27. Nf4 Qc6 28. Be5 Nxf1 29. Rxf1 Kh7 30. Qh5 g6 31. Qh4 Rae8 32. Nd3 Be3 33. Qg3 f4 34. Bxf4 Qe4 35. h3 Ne6 36. Bxe3 Rxf1+ 37. Kh2 Ng7 38. Bxa7 Nf5 39. Qc7+ Re7 40. Qb8 Re8 41. Qc7+ Re7 42. Qb8 Qc6 43. Nb4 Ree1 0-1

[Event "Capablanca Memorial op-A 46th"]
[Site "Havana"]
[Date "2011.05.15"]
[Round "5"]
[White "Cuenca Jimenez, Jose Fernando"]
[Black "Vega Chirino, Lemay"]
[Result "1-0"]
[WhiteElo "2493"]
[BlackElo "2356"]
[PlyCount "103"]
[EventDate "2011.05.11"]
[EventType "swiss"]
[EventRounds "10"]
[EventCountry "CUB"]
[SourceTitle "CBM 142 Extra"]
[Source "ChessBase"]
[SourceDate "2011.06.27"]
[SourceVersion "1"]
[SourceVersionDate "2011.06.27"]
[SourceQuality "1"]

1. Nf3 Nf6 2. c4 b6 3. g3 Bb7 4. Bg2 e6 5. 0-0 Be7 6. b3 0-0 7. Bb2 d5 8. e3 c5 9. Nc3 Nc6 10. cxd5 exd5 11. d4 Rc8 12. Re1 Re8 13. Ne2 Ba6 14. Nf4 c4 15. bxc4 Bxc4 16. a3 Bd6 17. Nd2 Na5 18. Nh5 b5 19. Nxf6+ Qxf6 20. Bc3 Qd8 21. Nxc4 dxc4 22. Qh5 Nb3 23. Qxb5 Nxa1 24. Rxa1 Qb6 25. a4 Rb8 26. Bc6 Rec8 27. d5 Qc5 28. Qxc5 Bxc5 29. Rc1 Ba3 30. Rc2 Rb6 31. Bd4 Rb1+ 32. Kg2 Rc1 33. Rxc1 Bxc1 34. Kf3 Ba3 35. Ke4 a5 36. Bc3 Bb4 37. Kd4 Rb8 38. Bb5 Bxc3+ 39. Kxc3 Kf8 40. Kxc4 Rb6 41. Kc5 Rf6 42. f4 Rh6 43. d6 Rxh2 44. Kb6 Rd2 45. d7 Ke7 46. Kxa5 Rd6 47. Kb4 g5 48. a5 gxf4 49. exf4 Kd8 50. a6 Kc7 51. a7 Kb7 52. Kc5 1-0